<?xml version="1.0" encoding="UTF-8"?>
<collection xmlns="http://www.loc.gov/MARC21/slim">
 <record>
  <leader>02102nam a22001935a 4500</leader>
  <controlfield tag="001">EUN.um029432</controlfield>
  <controlfield tag="008">041125s1987####ag#a#####bm###000#0#spa#d</controlfield>
  <controlfield tag="005">20180601132104.0</controlfield>
  <datafield tag="245" ind1="1" ind2="0">
   <subfield code="a">Síntesis de reacciones químicas /</subfield>
   <subfield code="c">por Tiziana Fornari.</subfield>
  </datafield>
  <datafield tag="260" ind1=" " ind2=" ">
   <subfield code="c">1987.</subfield>
  </datafield>
  <datafield tag="300" ind1=" " ind2=" ">
   <subfield code="a">125 p. :</subfield>
   <subfield code="b">ilus. ;</subfield>
   <subfield code="c">30 cm.</subfield>
  </datafield>
  <datafield tag="502" ind1=" " ind2=" ">
   <subfield code="a">Tesis--Universidad Nacional del Sur, 1987.</subfield>
  </datafield>
  <datafield tag="504" ind1=" " ind2=" ">
   <subfield code="a">Incluye referencias bibliográficas.</subfield>
  </datafield>
  <datafield tag="520" ind1=" " ind2=" ">
   <subfield code="a">La creación de nuevos caminos de reacción para obtener un producto deseado ha recibido creciente atención en los últimos tiempos. El presente trabajo constituye una extensión del método de síntesis propuesto por Rotstein, Resasco y Stephanopoulos (7). El método sistematiza la búsqueda de nuevas reacciones químicas dado un producto deseado y un conjunto de especies que pueden intervenir como materias primas o subproductos. En (7) se analizó el balance de átomos entre especies con un grado de libertad (m=1). En este trabajo se estudia el caso m=2. Se desarrollan propiedades importantes del plano G (cambio de nergía libre de reacción de Gibbs) - T(temperatura), y ciertos tests de selección de alternativas como medio de evaluar los distintos caminos de reacción obtenidos.  La extensión de la teoría desarrollada por Rotstein y colaboradores amplía las posibilidades de aplicación del método de síntesis. En este trabajo se presentan ejemplos de interés práctico, particularmente referidos a la llamada Química del C1. Dado que muchas propiedades termodinámicas de sustancias químicas pueden determinarse usando la Teoría de Contribuciones Grupales, esta es una herramienta útil en el proceso de síntesis. Así, es posible analizar el balance de átomos com m grados de libertad descomponiendo a las especies que participan en los grupos químicos que las componen. Este trabajo concluye desarrollando dicho análisis.</subfield>
  </datafield>
  <datafield tag="100" ind1="1" ind2=" ">
   <subfield code="a">Fornari, Tiziana.</subfield>
  </datafield>
  <datafield tag="082" ind1="0" ind2="4">
   <subfield code="a">040</subfield>
  </datafield>
  <datafield tag="082" ind1="0" ind2="4">
   <subfield code="a">541.39</subfield>
  </datafield>
  <datafield tag="859" ind1=" " ind2=" ">
   <subfield code="a">Ar-BaUNS</subfield>
   <subfield code="b">BIB. CENTRAL - Tesis</subfield>
   <subfield code="h">040</subfield>
   <subfield code="i">B148 1987-140</subfield>
   <subfield code="k">R</subfield>
   <subfield code="p">94375/987</subfield>
  </datafield>
  <datafield tag="859" ind1=" " ind2=" ">
   <subfield code="a">Ar-BaUNS</subfield>
   <subfield code="b">BIB. CENTRAL - Sector A - Tesis</subfield>
   <subfield code="h">040</subfield>
   <subfield code="i">B148 1987-140</subfield>
   <subfield code="p">115637/005</subfield>
  </datafield>
 </record>
</collection>
